Malý slovník daňového práva (výkladový slovník)

Salvato in:
Dettagli Bibliografici
Autore principale: Pauličková, Alena
Natura: Libro
Lingua:slovacco
Pubblicazione: Bratislava Eurounion 2006
Soggetti:
Tags: Aggiungi Tag
Nessun Tag, puoi essere il primo ad aggiungerne!!

MARC

LEADER 00000nam$a2200000$$$4500
001 0062078
005 20240318113216.4
020 |a 80-88984-91-2 
041 0 |a slo 
044 |a SK 
245 1 0 |a Malý slovník daňového práva  |b (výkladový slovník)  |c Alena Pauličková 
264 1 |a Bratislava  |b Eurounion  |c 2006 
300 |a 158 s. 
610 2 0 |a právo daňové 
610 2 0 |a dane 
610 2 0 |a legislatíva 
610 2 0 |a Zákon č. 511/1992 Z.z. 
100 1 |a Pauličková, Alena